| 000 | 00671nam a2200217 a 4500 | ||
|---|---|---|---|
| 005 | 20241113063713.0 | ||
| 008 | 010925s2000 r 000 0 eng d | ||
| 020 | _a8495114054 | ||
| 035 | _aUPN01000111997 | ||
| 049 | _aCG | ||
| 050 | 4 |
_aGV481 _bS4.2 |
|
| 100 | 1 |
_aSebastiani i Obrador, Enric M. _929989 |
|
| 245 | 1 | 0 |
_aCualidades físicas / _cEnric M. Sebastiani i Obrador, Carlos A. González Barragán. |
| 260 |
_aBarcelona, Esp. : _bINDE, _c2000. |
||
| 300 |
_a102 p. : _bil. |
||
| 440 | 0 | _aBiblioteca temática del deporte | |
| 650 | 2 |
_aEjercicio _919522 |
|
| 650 | 4 |
_aAPTITUD FISICA _91412 |
|
| 700 | 1 |
_aGonzález Barragán, Carlos A. _ecoaut. |
|
| 905 | _aLibro | ||
| 999 |
_c85905 _d85905 |
||